000 02145cam a2200373 i 4500
003 EG-GICUC
005 20260324121342.0
008 090220s2009 enk frb 001 0 eng d
020 _a9780521855679
020 _a0521855675
040 _aDLC
_cDLC
_dBTCTA
_dYDXCP
_dBWKUK
_dBWK
_dBWX
_dBOP
_dCDX
_dDLC
_dEG-GICUC
_beng
_erda
050 0 0 _aK3830
_b.D68 2009
082 0 0 _a341.79
_221
092 0 4 _221
099 _aLaw 12 2009
100 1 _aDouglas, Zachary.
245 1 4 _aThe international law of investment claims /
_cZachary Douglas.
264 _aCambridge, UK ;
_aNew York :
_bCambridge University Press,
_c2009.
300 _alxvii, 616 pages ;
_c24 cm.
336 _atext
_2rdacontent
337 _aComputer
_2rdamedia
338 _aOnline Resource
_2rdacarrier
504 _aIncludes bibliographical references and index.
505 0 _aThe juridical foundations of investment treaty arbitration -- Applicable laws -- Taxonomy of preliminary issues relating to jurisdiction and admissibility in investment treaty arbitration -- Consent to the arbitration of investment disputes -- Investment -- Jurisdiction ratione materiae -- Jurisdiction ratione personae -- Jurisdiction ratione temporis -- The obligation to accord most-favoured-nation treatment and the jurisdiction of an investment treaty tribunal -- Admissibility : contractual choice of forum -- Admissibility : shareholder claims -- Admissibility : dispositions relating to the legal and beneficial ownership of the investment -- Admissability : denial of benefits.
650 0 _aInvestments, Foreign (International law)
650 0 _aInvestments, Foreign
_xLaw and legislation.
650 0 _aInternational commercial arbitration.
856 4 2 _uhttps://fll.law.cu.edu.eg/fulltext/bks/ENGB12-00107.pdf
856 4 2 _3Contributor biographical information
_uhttp://www.loc.gov/catdir/enhancements/fy0906/2009007335-b.html
856 4 2 _3Publisher description
_uhttp://www.loc.gov/catdir/enhancements/fy0906/2009007335-d.html
856 4 1 _3Table of contents only
_uhttp://www.loc.gov/catdir/enhancements/fy0906/2009007335-t.html
905 _a10
942 _2ddc
_cBK
_e21
_n0
999 _c66604
_d66604